| 000 | 00606nam a22001695i 4500 | ||
|---|---|---|---|
| 001 | 160765 | ||
| 003 | ES-MaACL | ||
| 005 | 20230906212125.0 | ||
| 008 | 041015s1875 xxka |||| | eng d | ||
| 040 |
_aCAM _bspa _cCAM |
||
| 100 | 1 |
_aNordhoff, Charles. _985966 |
|
| 245 | 1 | 4 |
_aThe communistic societies of the United States _b: from personal visit and observation ... / _cby Charles Nordhoff. |
| 260 |
_aLondon : _bJohn Murray, _c1875 ( _fSpottiswoode and co.) |
||
| 300 |
_a439 p., [17] h. de lám. : _bil. ; _c23 cm. |
||
| 752 |
_aGran Bretaña - _dLondres |
||
| 852 |
_aES-MaACL _jC-822 _z-- Enc. tela |
||
| 999 |
_c160765 _d160765 |
||